Statistics for TNA and WWE Champions before Slammiversary and No Way Out

Click here to take the quiz!

General Stats

  • This quiz has been taken 164 times
  • The average score is 4 of 12

Answer Stats

HintAnswer% Correct
WWE ChampionCM Punk
83%
WWE World heavyweight ChampionSheamus
72%
Intercontinental ChampionChristian
46%
Television ChampionDevon
36%
WWE Divas championLayla
36%
TNA World ChampionBobby Roode
31%
TNA Knockouts ChampionGail Kim
27%
X division TittleAustin Aries
21%
WWE Tag Team ChampionsKofi Kingston and R-Truth
17%
US ChampionSantino Marella
17%
TNA Knockouts Tag Team ChampionsODB and Eric Young
8%
TNA World Tag Team championsChristopher Daniels and Kazarian
5%

Score Distribution

Percentile by Number Answered

Percent of People with Each Score

Your Score History

You have not taken this quiz